000 00342nam a2200145Ia 4500
008 230711s9999||||xx |||||||||||||| ||und||
041 _aENG
082 _a624
_bBC-S
100 _aPunmia ,B.c
245 0 _aSolid mechanics and foundations
250 _a12th
260 _c1989
_aMadras
_bSarath & Co
650 _aCivil Engineering
942 _cBK
999 _c912
_d912